Hóa học & Ứng dụng: Chuyên đề Kết quả nghiên cứu khoa học Journal of Chemistry and Application

Sparad:
Bibliografiska uppgifter
Huvudupphovsman: Hội Hóa học Việt Nam
Materialtyp: Bok
Språk:Undetermined
Publicerad: Hà Nội
Ämnen:
Länkar:http://lrc.tdmu.edu.vn/opac/search/detail.asp?aID=2&ID=14721
Taggar: Lägg till en tagg
Inga taggar, Lägg till första taggen!
Thư viện lưu trữ: Trung tâm Học liệu Trường Đại học Thủ Dầu Một
LEADER 00682nam a2200169Ia 4500
001 TDMU_14721
008 210410s9999 xx 000 0 und d
082 |a NULL 
100 |a Hội Hóa học Việt Nam 
245 0 |a Hóa học & Ứng dụng: Chuyên đề Kết quả nghiên cứu khoa học 
245 0 |b Journal of Chemistry and Application 
245 0 |c Hội Hóa học Việt Nam 
260 |a Hà Nội 
300 |a 49 tr 
650 |a Tạp chí Hóa học và Ứng dụng; Tạp chí Khoa học 
856 |u http://lrc.tdmu.edu.vn/opac/search/detail.asp?aID=2&ID=14721 
980 |a Trung tâm Học liệu Trường Đại học Thủ Dầu Một